Statistiken für Länder, die an Ungarn grenzen

Klicken Sie hier um das Quiz zu spielen!

Allgemein

  • Dieses Quiz wurde 10.105 mal gespielt
  • Das Durchschnittsergebnis liegt bei 6 aus 7

Antwortstatistiken

LängeLänder% Korrekt
627 kmSlowakei
96%
321 kmÖsterreich
93%
94 kmSlowenien
93%
424 kmRumänien
90%
348 kmKroatien
89%
164 kmSerbien
89%
128 kmUkraine
86%

Verteilung der Resultate

Perzentil nach korrekt beantworteten Fragen

Anzahl Personen mit jedem Resultat

Ihre Resultats-Entwicklung

Sie haben dieses Quiz noch nicht gespielt